00345nam a2200109Ia 4500008004100000082000800041100001400049245005200063942000600115952009900121999001500220240331s9999 xx 000 0 und d bWAT aWatson, J 2aA dictionary of communication and media studies cL 001040708LaWERCLbWERCLcSSCd2024-03-31l0o 030.302 WATp1377r2024-03-31w2024-03-31yL c3234d3234